LIBRARY & INFORMATION CENTRE, KCAET, TAVANUR

ONLINE PUBLIC ACCESS CATALOGUE (OPAC)

Gandhiji hi suktriyan (Record no. 3418)

MARC details
000 -LEADER
fixed length control field 00376cam a2200169ua 4500
041 ## - LANGUAGE CODE
Language code of text/sound track or separate title hin
082 ## - DEWEY DECIMAL CLASSIFICATION NUMBER
Classification number 891.43
Item number THA/GA
100 ## - MAIN ENTRY--AUTHOR NAME
Personal name Thankur, Raybhadan Singh .
245 ## - TITLE STATEMENT
Title Gandhiji hi suktriyan
260 ## - PUBLICATION, DISTRIBUTION, ETC. (IMPRINT)
Place of publication :
Name of publisher Hindi Prakati Buvasi ,
Year of publication 1960.
300 ## - PHYSICAL DESCRIPTION
Number of Pages 146 ; .
942 ## - ADDED ENTRY ELEMENTS (KOHA)
Koha item type Books
Holdings
Withdrawn status Lost status Damaged status Home library Current library Date acquired Full call number Accession Number Koha item type
Withdrawn     KAUAET Kelappaji 07/04/2012 891.43 1939 Books
free website counter